Statistics for 日本の元号

Click here to take the quiz!

General Stats

  • This quiz has been taken 47 times
  • The average score is 37 of 250

Answer Stats

元号西暦% Correct
令和2019年~
98%
平成1989年~2019年
98%
昭和1926年~1989年
98%
大正1912年~1926年
98%
明治1868年~1912年
95%
大化645年~650年
81%
慶応1865年~1868年
74%
天保1830年~1844年
60%
慶長1596年~1615年
57%
元禄1688年~1704年
57%
文化1804年~1818年
55%
天平729年~749年
50%
文禄1592年~1596年
50%
安政1854年~1860年
48%
寛政1789年~1801年
48%
応仁1467年~1469年
45%
保元1156年~1159年
43%
享保1716年~1736年
43%
文政1818年~1830年
40%
寛永1624年~1644年
40%
文永1264年~1275年
38%
弘安1278年~1288年
38%
天正1573年~1592年
36%
天明1781年~1789年
36%
建武1334年~1336年【南朝(大覚寺統)】 | 1334年~1338年【北朝(持明院統)】
33%
和銅708年~715年
33%
神護景雲767年~770年
33%
承久1219年~1222年
33%
明和1764年~1772年
31%
嘉永1848年~1854年
31%
平治1159年~1160年
31%
天平感宝749年
29%
白雉650年~654年
29%
永和1375年~1379年【北朝(持明院統)】
29%
元和1615年~1624年
29%
大宝701年~704年
29%
仁和885年~889年
26%
文久1861年~1864年
26%
天平勝宝749年~757年
26%
元亀1570年~1573年
26%
天平神護765年~767年
24%
宝永1704年~1711年
24%
天平宝字757年~765年
24%
天和1681年~1684年
24%
貞観859年~877年
21%
文明1469年~1487年
21%
安永1772年~1781年
21%
元治1864年~1865年
21%
宝暦1751年~1764年
19%
応永1394年~1428年
19%
養老717年~724年
17%
朱鳥686年
17%
神亀724年~729年
17%
明暦1655年~1658年
17%
延暦782年~806年
17%
天治1124年~1126年
17%
寛保1741年~1744年
17%
明応1492年~1501年
17%
天長824年~834年
17%
大永1521年~1528年
17%
治承1177年~1181年
14%
天文1532年~1555年
14%
正保1644年~1648年
14%
文正1466年~1467年
14%
天永1110年~1113年
14%
寛正1460年~1466年
14%
正長1428年~1429年
14%
永禄1558年~1570年
14%
文治1185年~1190年
14%
延喜901年~923年
14%
正徳1711年~1716年
14%
永仁1293年~1299年
14%
寛平889年~898年
14%
天安857年~859年
14%
弘仁810年~824年
14%
嘉吉1441年~1444年
14%
天応781年~782年
14%
康安1361年~1362年【北朝(持明院統)】
12%
延長923年~931年
12%
永長1097年
12%
天暦947年~957年
12%
宝亀770年~781年
12%
安和968年~970年
12%
弘治1555年~1558年
12%
康和1099年~1104年
12%
承和834年~848年
12%
享和1801年~1804年
12%
長和1013年~1017年
12%
寛仁1017年~1021年
12%
明徳1390年~1394年【北朝(持明院統)】
12%
弘和1381年~1384年【南朝(大覚寺統)】
12%
寿永1182年~1184年
12%
宝治1247年~1249年
12%
永久1113年~1118年
12%
万延1860年~1861年
12%
正和1312年~1317年
10%
貞和1345年~1350年【北朝(持明院統)】
10%
文保1317年~1319年
10%
元徳1329年~1331年【南朝(大覚寺統)】 | 1329年~1332年【北朝(持明院統)】
10%
文和1352年~1356年【北朝(持明院統)】
10%
元弘1331年~1334年【南朝(大覚寺統)】
10%
文応1260年~1261年
10%
元仁1224年~1225年
10%
応安1368年~1375年【北朝(持明院統)】
10%
貞永1232年~1233年
10%
寛元1243年~1247年
10%
霊亀715年~717年
10%
乾元1302年~1303年
10%
文安1444年~1449年
10%
嘉保1095年~1097年
10%
慶雲704年~708年
10%
昌泰898年~901年
10%
天慶938年~947年
10%
天徳957年~961年
10%
応和961年~964年
10%
天禄970年~974年
10%
弘化1844年~1848年
10%
寛和985年~987年
10%
寛徳1044年~1046年
10%
寛文1661年~1673年
10%
寛治1087年~1095年
10%
万治1658年~1661年
10%
保安1120年~1124年
10%
享徳1452年~1455年
10%
仁安1166年~1169年
10%
享禄1528年~1532年
10%
天仁1108年~1110年
10%
延文1356年~1361年【北朝(持明院統)】
7%
永享1429年~1441年
7%
文亀1501年~1504年
7%
嘉慶1387年~1389年【北朝(持明院統)】
7%
永正1504年~1521年
7%
正平1347年~1370年【南朝(大覚寺統)】
7%
寛延1748年~1751年
7%
徳治1306年~1308年
7%
暦応1338年~1342年【北朝(持明院統)】
7%
元文1736年~1741年
7%
貞享1684年~1688年
7%
貞治1362年~1368年【北朝(持明院統)】
7%
康永1342年~1345年【北朝(持明院統)】
7%
宝徳1449年~1452年
7%
慶安1648年~1652年
7%
承応1652年~1655年
7%
仁治1240年~1243年
7%
嘉元1303年~1306年
7%
承暦1077年~1081年
7%
延久1069年~1074年
7%
建保1213年~1219年
7%
康平1058年~1065年
7%
永保1081年~1084年
7%
応徳1084年~1087年
7%
嘉禄1225年~1227年
7%
長久1040年~1044年
7%
永暦1160年~1161年
7%
正治1199年~1201年
7%
文暦1234年~1235年
7%
暦仁1238年~1239年
7%
万寿1024年~1028年
7%
治安1021年~1024年
7%
元暦1184年~1185年
7%
承保1074年~1077年
7%
養和1181年~1182年
7%
安元1175年~1177年
7%
大同806年~810年
7%
長寛1163年~1165年
7%
仁寿851年~854年
7%
久安1145年~1151年
7%
元慶877年~885年
7%
承平931年~938年
7%
建治1275年~1278年
7%
弘長1261年~1264年
7%
天延974年~976年
7%
永観983年~985年
7%
大治1126年~1131年
7%
康治1142年~1144年
5%
承徳1097年~1099年
5%
保延1135年~1141年
5%
長承1132年~1135年
5%
延宝1673年~1681年
5%
長治1104年~1106年
5%
嘉承1106年~1108年
5%
延享1744年~1748年
5%
治暦1065年~1069年
5%
永祚989年~990年
5%
嘉祥848年~851年
5%
斉衡854年~857年
5%
康保964年~968年
5%
貞元976年~978年
5%
天元978年~983年
5%
永延987年~989年
5%
正暦990年~995年
5%
天喜1053年~1058年
5%
長徳995年~999年
5%
長保999年~1004年
5%
寛弘1004年~1013年
5%
長元1028年~1037年
5%
長暦1037年~1040年
5%
永承1046年~1053年
5%
仁平1151年~1154年
5%
永万1165年~1166年
5%
嘉禎1235年~1238年
5%
建永1206年~1207年
5%
正安1299年~1302年
5%
正中1324年~1326年
5%
正元1259年~1260年
5%
正嘉1257年~1259年
5%
康元1256年~1257年
5%
観応1350年~1352年【北朝(持明院統)】
5%
寛喜1229年~1232年
5%
応保1161年~1163年
5%
貞応1222年~1224年
5%
康暦1379年~1381年【北朝(持明院統)】
5%
永徳1381年~1384年【北朝(持明院統)】
5%
至徳1384年~1387年【北朝(持明院統)】
5%
建暦1211年~1213年
5%
安貞1227年~1229年
5%
承安1171年~1175年
5%
嘉応1169年~1171年
5%
建仁1201年~1204年
5%
建久1190年~1199年
5%
長禄1457年~1460年
5%
延徳1489年~1492年
5%
興国1340年~1347年【南朝(大覚寺統)】
2%
延元1336年~1340年【南朝(大覚寺統)】
2%
嘉暦1326年~1329年
2%
元久1204年~1206年
2%
元亨1321年~1324年
2%
元応1319年~1321年
2%
建徳1370年~1372年【南朝(大覚寺統)】
2%
正応1288年~1293年
2%
延慶1308年~1311年
2%
応長1311年~1312年
2%
永治1141年~1142年
2%
長享1487年~1489年
2%
文中1372年~1375年【南朝(大覚寺統)】
2%
天授1375年~1381年【南朝(大覚寺統)】
2%
元中1384年~1392年【南朝(大覚寺統)】
2%
正慶1332年~1334年【北朝(持明院統)】
2%
建長1249年~1256年
2%
延応1239年~1240年
2%
天福1233年~1234年
2%
天承1131年~1132年
2%
元永1118年~1120年
2%
久寿1154年~1156年
2%
承元1207年~1211年
0%
天養1144年~1145年
0%
康正1455年~1457年
0%
康応1389年~1390年【北朝(持明院統)】
0%

Score Distribution

Percentile by Number Answered

Percent of People with Each Score

Your Score History

You have not taken this quiz